MARC

Tag First Indicator Second Indicator Subfields
LEADER 00000cam a2200000 a 4500
001 in00001403430
005 20151020055519.0
008 970415s1997 enk b 101 0 eng
010 |a  97016128  
020 |a 0335199593 (hb) 
020 |a 0335199585 (pb) 
035 |a (OCoLC)36783826 
035 |9 AHN4670AM 
040 |a DLC  |c DLC  |d TXA  |d UtOrBLW 
043 |a e-uk---  |a n-us--- 
049 |a TXAM 
050 0 0 |a LC191.8.G7  |b P67 1997 
082 0 0 |a 378/.01  |2 21 
245 0 4 |a The postmodern university? :  |b contested visions of higher education in society /  |c edited by Anthony Smith and Frank Webster. 
264 1 |a [Buckingham] :  |b Society for Research into Higher Education ;  |a Bristol, PA :  |b Open University Press,  |c 1997. 
300 |a xi, 125 pages ;  |c 24 cm. 
336 |a text  |b txt  |2 rdacontent 
337 |a unmediated  |b n  |2 rdamedia 
338 |a volume  |b nc  |2 rdacarrier 
500 |a Originated from a colloquium held at Magdalen College, Oxford and Oxford Brookes University, July 19-21, 1996. 
504 |a Includes bibliographical references (pages [114]-120) and index. 
650 0 |a Education, Higher  |x Social aspects  |z Great Britain  |x Congresses. 
650 0 |a Education, Higher  |x Social aspects  |z United States  |x Congresses. 
650 0 |a Educational change  |z Great Britain  |x Congresses. 
650 0 |a Educational change  |z United States  |v Congresses. 
650 0 |a Postmodernism and education  |z Great Britain  |x Congresses. 
650 0 |a Postmodernism and education  |z United States  |x Congresses. 
700 1 |a Smith, Anthony,  |d 1938- 
700 1 |a Webster, Frank. 
948 |a c:dm 
999 |a MARS 
999 f f |s 6f57a6a1-f5fd-37ca-944e-4e0e3ba3063c  |i 7f44e847-4332-3b44-81e8-30befe6e1ff9  |t 0 
952 f f |p normal  |a Texas A&M University  |b College Station  |c Sterling C. Evans Library  |d Evans: Library Stacks  |t 0  |e LC191.8.G7 P67 1997  |h Library of Congress classification  |i unmediated -- volume  |m A14822542415 
998 f f |a LC191.8.G7 P67 1997  |t 0  |l Evans: Library Stacks